Možnosti uchytenia plastových dielov karosérie vozidla s využitím 3D tlače

Gespeichert in:
Bibliographische Detailangaben
1. Verfasser: Holos, Peter (Verfasst von)
Weitere Verfasser: Milesich, Tomáš (Betreuung Doktorarbeit)
Format: Manuskript Buch
Sprache:Slowakisch
Veröffentlicht: 2020
Schlagworte:
Online-Zugang:http://is.stuba.sk/zp/portal_zp.pl?podrobnosti=150575
Tags: Tag hinzufügen
Keine Tags, Fügen Sie das erste Tag hinzu!

MARC

LEADER 00000ntm a22000003a 4500
001 stuzp81415
003 SK-STU
005 20200711211128.3
007 ta
008 150427s2015----xo-----f-mn---000-0-slo-d
040 |a STU  |b slo 
041 0 |a slo 
100 1 |a Holos, Peter  |u 020030  |k Z4  |4 aut  |U SjF Strojnícka fakulta  |T SjF Ústav dopravnej techniky a konštruovania  |X 81301  |U J0030  |Y 806  |7 81301 
242 0 1 |a Possibilities of clamping plastic parts of the vehicle body using 3D printing  |y eng 
245 1 0 |a Možnosti uchytenia plastových dielov karosérie vozidla s využitím 3D tlače 
260 |c 2020 
650 4 |a testing of mechanical properties  |2 eng 
650 4 |a , polymeric materials  |2 eng 
650 4 |a fastening elements  |2 eng 
650 4 |a 3D printing  |2 eng 
650 4 |a additive manufacturing  |2 eng 
650 4 |a prvky uchytávania  |2 slo 
650 4 |a 3D tlač  |2 slo 
650 4 |a testovanie mechanických vlastností  |2 slo 
650 4 |a polymérové materiály  |2 slo 
650 4 |a aditívna výroba  |2 slo 
700 1 |a Milesich, Tomáš  |u 020030  |k Z2  |4 ths  |U SjF Strojnícka fakulta  |T SjF Ústav dopravnej techniky a konštruovania  |X 49630  |U J0030  |Y 806  |7 A000049630 
856 4 |u http://is.stuba.sk/zp/portal_zp.pl?podrobnosti=150575